Ley de la navegación /

Guardado en:
Otros Autores: Chirinian, Marianela., (edit.)
Formato: Libro
Idioma:Spanish
Publicado: Buenos Aires : Zavalía, 2004
Materias:
Etiquetas: Agregar Etiqueta
Sin Etiquetas, Sea el primero en etiquetar este registro!
LEADER 00464nam a22001575a 4500
001 DER.der005452
008 180615s2004####ag#||||||||||||||#||spa||
005 20250818140158.0
245 1 0 |a Ley de la navegación /  |c Argentina. 
260 |a Buenos Aires :  |b Zavalía,  |c 2004 
300 |a 319 p. 
020 |a 9505726546 
240 1 0 |a Argentina - Leyes 
700 1 |a Chirinian, Marianela.,  |e edit. 
650 7 |a DERECHO DE LA NAVEGACION 
859 |a DERECHO  |b BIB. DERECHO  |h 348.02  |i ARG  |p 005556